• 首页
  • 本馆介绍
  • 公告通知
  • 最新文献
  • 馆藏检索
  • 电子资源
  • 读者导购
  • 参考咨询
  • 我的图书馆
  • 登录
  • 详细信息显示
  • 放入我的书架
  • 预约/预借图书
  • 作者相关作品
  • 分类相关作品
  • 丛书相关作品
  • 出版社相关作品

书目信息

  • 表格格式
  • 工作单格式
  • 卡片格式
题名:
物理世界奇遇记
    
 
作者: 盖莫夫 , Gamow 著 ;吴伯泽 译
分册:  
出版信息: 北京   科学出版社  1978
页数: 218页
开本: 19cm
丛书名:
单 册:
中图分类: O4-49
科图分类:
主题词: 物理学--普及读物
电子资源:
ISBN: 13031.736
000 00806nam0 2200277 450
001 0178001081
005 20100712215350.0
010    @a13031.736@dCNY0.50
091    @a13031.736
100    @a19950726d1978 em y0chiy0110 ea
101 1  @achi@ceng
102    @aCN@b110000
105    @af z 000yy
106    @ar
200 1  @a物理世界奇遇记@9Wu Li Shi Jie Qi;Ji Yu Ji @f(美)盖莫夫(G.Gamow)著@g吴伯泽译
210    @a北京@c科学出版社@d1978
215    @a218页@c图@d19cm
300    @a书名原文:Mr tompkins in paperback
510 1  @aMr tompkins in paperback@zeng
606 0  @a物理学@x普及读物
690    @aO4-49@v3
701  1 @a盖莫夫@9gai mo fu@bG.@4著
701  1 @aGamow@bG.@4著
702  0 @a吴伯泽@9wu bo ze@f(1933~)@4译
801  0 @aCN@bAzMarc@c20130904
905    @aBZT@dO4@e1116@f1@sO4/1116
    
    物理世界奇遇记/(美)盖莫夫(G.Gamow)著/吴伯泽译.-北京:科学出版社,1978
    218页:图;19cm
    书名原文:Mr tompkins in paperback
    
    ISBN 13031.736:CNY0.50
    
●
相关链接 在五车中查询图书 在当当中查询图书 在豆瓣中查询图书


正题名:物理世界奇遇记     索取号:O4/1116         预约/预借

序号 登录号 条形码 馆藏地/架位号 状态 备注
1 2000124721   2000124721   旧书回溯/ [索取号:O4/1116] 在馆    
山东省滨州职业学院图书馆 欢迎您!
大连网信软件有限公司© 版权所有